| 000 | 00516nam a2200169 a 4500 | ||
|---|---|---|---|
| 001 | 3956 | ||
| 003 | CO-ViMGA | ||
| 008 | 141112s2004 ck r 000 u spa d | ||
| 040 |
_aCO-ViMGA _bspa _cCO-ViMGA |
||
| 082 | 0 | 4 | _a306.8 S354m |
| 245 | 1 | 0 | _aSeminario nacional familia infancia y calidad de vida. Barranquilla, julio 1992. Síntesis y conclusiones |
| 260 |
_aSantafé de Bogotá : _bPresencia, _c1993 |
||
| 300 | _a106 p | ||
| 650 | 1 | 4 | _aFAMILIA |
| 650 | 1 | 4 |
_aINFANCIA - PROTECCION SOCIAL _954221 |
| 942 |
_2ddc _cBK |
||
| 999 |
_c15974 _d15974 |
||